LEADER 01345nam a2200301 i 4500 001 000000115215 003 CaOOAMICUS 005 20091112000000.0 008 091112s2001 it u000 u ita u 013 $a87903 020 $a88-384-6034-5 040 $aSeMil$bita 245 13$aUn popolo in cammino :$bChiesa locale, pellegrinaggio e "traditio fidei" /$cCamillo Ruini ... [et al.]. 260 $aCasale Monferrato (AL) :$bPiemme,$ccopyr. 2001. 300 $a222 p. ;$c21 cm. 490 0 $aPiemme Religione. Itinerari dello spirito 500 $aFondo Card. C.M. Martini. 650 4$aPellegrinaggi.$0(OLS)http://semarc/subject/9005 700 1 $aAndreatta, Liberio,$c.$0(OLS)http://semarc/name/23504 700 1 $aRuini, Camillo,$c.$0(OLS)http://semarc/name/7198 830 0$aPiemme Religione. Itinerari dello spirito.$0(OLS)http://semarc/title/10243 850 $aSeMil 852 $aSeMil$W1$xVenegono$y1$m2F I 220$j70746$B70746$CSeMilBibl$Z2$F96349 $81 941 1 $a4 961 $aOmaggio: Martini Card. Carlo Maria 996 $6020$a88-384-6034-5$9(OLS)http://semarc/number/98902 996 $6245$aUn popolo in cammino :$bChiesa locale, pellegrinaggio e "traditio fidei"$9(OLS)http://semarc/title/168676 996 $6260$aCasale Monferrato (AL) :$bPiemme$9(OLS)http://semarc/publisher/30052 LEADER 01137nam a2200277 i 4500 001 000000127505 003 CaOOAMICUS 005 20040618000000.0 008 040618s1969 it u000 u ita u 013 $a100215 040 $aSeMil$bita 100 1 $aLussu, Joyce.$0(OLS)http://semarc/name/42858 245 10$aFronti e frontiere /$cJoyce Lussu ; Presentazione e commento di Nicola Tanda. 260 $aMilano :$bU. Mursia & C.,$ccopyr. 1969. 300 $a196 p. ;$c20 cm. 490 0 $aLa Nuova Biblioteca ;$v21 500 $aContiene : Nota bio-bibliografica. 650 4$aGuerra mondiale <1939-1945>.$0(OLS)http://semarc/subject/2761 650 4$aAutobiografie.$0(OLS)http://semarc/subject/2396 700 1 $aTanda, Nicola.$0(OLS)http://semarc/name/53053 830 3$aLa nuova biblioteca ;$v21.$0(OLS)http://semarc/title/9066 850 $aSeMil 852 $aSeMil$W1$xVenegono$y1$m58 30 21 *$j81801$B81801$CSeMilBibl$Z2$F83953 $81 961 $aLascito: Zurleni Domenico 996 $6245$aFronti e frontiere$9(OLS)http://semarc/title/188211 996 $6260$aMilano :$bU. Mursia & C.$9(OLS)http://semarc/publisher/31860